Krízový manažment

Salvato in:
Dettagli Bibliografici
Autore principale: Matulčíková, Marta, 1964-
Altri autori: Srna, Otakar
Natura: Libro
Lingua:slovacco
Pubblicazione: Bratislava Vydavateľstvo EKONÓM 2002
Soggetti:
Tags: Aggiungi Tag
Nessun Tag, puoi essere il primo ad aggiungerne!!

MARC

LEADER 00000nam a2200000 4500
001 c138184
005 20240502071322.9
020 |a 80-225-1595-7 
041 0 |a slo 
044 |a SK 
245 1 0 |a Krízový manažment  |c Marta Matulčíková, Otakar Srna 
264 1 |a Bratislava  |b Vydavateľstvo EKONÓM  |c 2002 
300 |a 325 s. 
610 2 0 |a manažment krízový 
610 2 0 |a riziko 
610 2 0 |a kríza 
610 2 0 |a prostredie životné 
610 2 0 |a konflikty 
610 2 0 |a podnikanie 
610 2 0 |a rozhodovanie 
610 2 0 |a procesy rozhodovacie 
610 2 0 |a štrukturalizácia 
610 2 0 |a komunikácia 
610 2 0 |a vzdelávanie 
610 2 0 |a nezamestnanosť 
610 2 0 |a plánovanie 
610 2 0 |a kríza podniku 
610 2 0 |a systémy informačné 
610 2 0 |a vývoj podniku 
610 2 0 |a revitalizácia 
100 1 |a Matulčíková, Marta, 1964- 
700 1 |a Srna, Otakar